00599 2200229 4500001002100000005001500021035002000036245006800056100001300124250000600137300003500143260004400178082001200222084001800234020002200252650001000274990001700284990001700301990001700318990001700335990001700352INLIS00000000000016920180904031843 a0010-09180000231 aSeri Aku Cinta Budaya Indonesia :bIndahnya Batikku /cSugiarti0 aSugiarti a- aiv, 50 hlm. :bilus. ;c25 cm. aJakarta :bPT Mediantara Semesta,c2010 a746.662 a746.662 SUG s a978-979-1276-92-4 aBatik a00722/P/2018 a00723/P/2018 a00724/P/2018 a00725/P/2018 a00726/P/2018